000 02020nam a2200361 i 4500
001 000025836
003 DO-SdBNP
005 20251113123813.0
007 ta
008 110223e1979 dr ad 000 0 spa d
040 _aDO-SdBNP
_bspa
_cBNPHU
_erda
041 _aspa
082 4 _a330.97293
_bG633r 1979
_222
100 1 _aGómez, Luis,
_eautor
_4aut.
_99238
245 1 0 _aRelaciones de producción dominantes en la sociedad dominicana 1875-1975 /
_cLuis Gómez ; presentación, Roberto Cassá.
250 _aSegunda edición
264 4 _aSanto Domingo :
_bAlfa & Omega,
_c©1979.
300 _a303 páginas :
_bilustraciones, gráficas ;
_c23 cm.
336 _atexto
_btxt
_2rdacontent
337 _asin mediación
_bn
_2rdamedia
338 _avolumen
_bnc
_2rdacarrier
500 _aInforme final de la investigación sobre el tema, realizada por el autor para la Dirección de Investigaciones Científicas de la Universidad Autónoma de Santo Domingo (UASD).
500 _aIncluye referencias bibliográficas y notas al pie de las páginas.
504 _aBibliografia : páginas 285-291.
505 _aPrimera parte--
_tReferencias Generales--
_gCapítulo I--
_tLos Presupuestos.--
_gCapítulo 2--
_tLa Sobredeterminación--
_tSegunda Parte--
_tLos Antecedentes--
_gCapítulo 3--
_tMercantilismo precapitalista--
_tTercera parte--
_tLos Origines--
_gCapítulo 4--
_tCapitalismo - Dependiente Premonopólico--
_gCapítulo 5--
_tCapitalismo de Enclave Monopólico--
_tCuarta parte--
_tEl capitalismo dependiente--
_gCapítulo 6--
_tEl Modelo Neocolonial Corporativo--
_gCapítulo 7--
_tEl modelo desrrollista dependient--
_gCapítulo 8--
_tRecapitulación final.
590 _aInventariado, 2024 / MF
650 4 _aProducción industrial
_zRepública Dominicana
_923653
650 4 _aRelaciones industriales
_zRepública Dominicana
_923654
651 4 _aRepública Dominicana
_xCondiciones económicas
_9281
700 1 _aCassá, Roberto,
_d1948-
_910888
910 _aValidado. Control de calidad EMS
942 _2ddc
_cLBS1
999 _c25328
_d25328